Bravo - The Hits 2013 - Statistiken

Allgemein
  • Dieses Quiz wurde 365 mal gespielt
  • Das Durchschnittsergebnis liegt bei 22 aus 43
Antwortstatistiken
Song Interpret % Korrekt
Hey Brother Avicii
94%
Wake Me Up Avicii
94%
Wrecking Ball Miley Cyrus
90%
Diamonds Rihanna
88%
Bilder Im Kopf Sido
87%
Timber Pitbull feat. Ke$ha
79%
Radioactive Imagine Dragons
78%
Lieder Adel Tawil
74%
Applaus, Applaus Sportfreunde Stiller
72%
Papaoutai Stromae
69%
Scream & Shout Will.i.am & Britney Spears
69%
Let Her Go Passenger
68%
Talk Dirty Jason Derulo feat. 2 Chainz
67%
Just Give Me A Reason P!nk feat. Nate Ruess
67%
Counting Stars OneRepublic
66%
Applause Lady Gaga
62%
Royals Lorde
61%
Mirrors Justin Timberlake
58%
Blurred Lines Robin Thicke feat. Pharrell Williams
55%
Another Love Tom Odell
55%
Burn Ellie Goulding
54%
Pompeii Bastille
53%
Stolen Dance Milky Chance
53%
Whatever Cro
52%
Impossible James Arthur
47%
Troublemaker Olly Murs feat. Flo Rida
46%
Bonfire Heart James Blunt
43%
La La La Naughty Boy feat. Sam Smith
37%
Hall Of Fame The Script feat will.i.am
37%
I Love It Icona Pop feat. Charli XCX
35%
Wings Birdy
27%
Love Me Again John Newman
27%
Safe And Sound Capital Cities
26%
Jubel Klingande
25%
I Need Your Love Calvin Harris feat. Ellie Goulding
24%
Ho Hey The Lumineers
24%
She Makes Me Go Arash feat. Sean Paul
20%
Love Is The Answer Aloe Blacc
17%
Lifesaver Sunrise Avenue
17%
Run Boy Run Woodkid
16%
Go Gentle Robbie Williams
15%
Hero Family Of The Year
8%
Strong London Grammar
6%
Keine übereinstimmenden Quizze gefunden
Verteilung der Resultate
Anzahl Personen mit jedem Resultat
Perzentil nach korrekt beantworteten Fragen
Ihre Resultats-Entwicklung
Sie haben dieses Quiz noch nicht gespielt